000 00809nam a2200253 i 4500
001 118912
003 ES-MaACL
005 20230906191214.0
007 t|
008 070214s1913 sp r ||||1| spa d
080 _a621.31
100 1 _aPiazzoli, Emilio.
_991759
245 1 0 _aInstalaciones y explotaciones de alumbrado eléctrico /
_cpor Emilio Piazzoli.
250 _a2ª ed. española traducida de la sexta italiana, por Leopoldo Salto.
260 _aMadrid :
_b[s. n.],
_c1913 (
_fImp. Española)
300 _a2 v. :
_bil. ;
_c17 x 11 cm.
490 1 _aManuales Romo
650 _aInstalaciones eléctricas.
_913826
650 4 _aLuminotecnia.
_914715
700 1 _aSalto, Leopoldo.
_9102041
830 1 _aManuales Romo
_9186430
852 4 _aES-MaACL
_jF-2165-66
999 _c118912
_d118912